Estudio histórico del Cuerpo de Ingenieros del Ejército : (Record no. 60910)

MARC details
000 -LEADER
campo de control de longitud fija 01664nam a2200253 i 4500
001 - NÚMERO DE CONTROL
campo de control 60910
003 - IDENTIFICADOR DE NÚMERO DE CONTROL
campo de control ES-MaACL
005 - FECHA Y HORA DE LA ÚLTIMA TRANSACCIÓN
campo de control 20250902235442.0
007 - CAMPO FIJO DE DESCRIPCIÓN FÍSICA--INFORMACIÓN GENERAL
campo de control de longitud fija t|
008 - DATOS DE LONGITUD FIJA--INFORMACIÓN GENERAL
campo de control de longitud fija 031107s1911 sp ||||1| spa d
080 ## - NÚMERO DE LA CLASIFICACIÓN DECIMAL UNIVERSAL
Número de la Clasificación Decimal Universal 358.33(460)
245 00 - MENCIÓN DEL TÍTULO
Título Estudio histórico del Cuerpo de Ingenieros del Ejército :
Resto del título iniciado al celebrar en 1903 el primer centenario de su academia y de sus tropas y empezado publicar en el segundo centenario de la creación del Cuerpo en 24 de abril de 1911 /
Mención de responsabilidad, etc. por una comisión redactora con la cooperación de los jefes y oficiales de Ingenieros.
260 ## - PUBLICACIÓN, DISTRIBUCIÓN, ETC.
Lugar de publicación, distribución, etc. Madrid :
Nombre del editor, distribuidor, etc. [s.n.],
Fecha de publicación, distribución, etc. 1911 (
Fabricante Estab. Tip. Sucesores de Rivadeneyra)
300 ## - DESCRIPCIÓN FÍSICA
Extensión 2 v. :
Otras características físicas il. col. n. ;
Dimensiones 37 cm.
505 8# - NOTA DE CONTENIDO CON FORMATO
Nota de contenido con formato Contiene: I. Resumen histórico . Organización del Cuerpo de Ingenieros del Ejército: Dependencias centrales. El servicio de ingenieros en las comandancias. Instituciones particulares del Cuerpo de Ingenieros (XIX, 554 p., [2] h. de lám., [3] h. de lám. pleg., [18] h. de lám. pleg. col.) -- II. La Academia de Ingenieros . Tropas de ingenieros . Banderas y uniformes (678 p., [2] h. de lám. col., [10] h. de lám. pleg., [8] h. de lám. pleg. col.)
530 ## - NOTA DISPONIBLE DE FORMULARIO FÍSICO ADICIONAL
Nota de formato físico adicional disponible Disponible en formato digital.
610 1# - PUNTO DE ACCESO ADICIONAL DE MATERIA--NOMBRE DE ENTIDAD CORPORATIVA
Nombre de entidad corporativa o nombre de jurisdicción como elemento de entrada España.
Unidad subordinada Cuerpo de Ingenieros del Ejército.
9 (RLIN) 3681
650 #4 - PUNTO DE ACCESO ADICIONAL DE MATERIA--TÉRMINO DE MATERIA
Término de materia o nombre geográfico como elemento de entrada Ingenieros militares-
Subdivisión geográfica España.
9 (RLIN) 166145
650 #7 - PUNTO DE ACCESO ADICIONAL DE MATERIA--TÉRMINO DE MATERIA
Término de materia o nombre geográfico como elemento de entrada Ingeniería militar-
Subdivisión geográfica España
Fuente del encabezamiento o término
9 (RLIN) 149063
852 4# - LOCALIZACIÓN
Ubicación ES-MaACL
Número de control de estantería C-787-88
Ubicación en estantería Sala Palomar
Nota libre Revisado enlace: 21 de julio de 2025
856 4# - LOCALIZACIÓN Y ACCESO ELECTRÓNICOS
Identificador Uniforme de Recursos <a href="http://bibliotecavirtualdefensa.es/BVMDefensa/es/consulta/registro.do?id=217783">http://bibliotecavirtualdefensa.es/BVMDefensa/es/consulta/registro.do?id=217783</a>
Texto de enlace Biblioteca Virtual de Defensa
942 ## - ELEMENTOS DE ENTRADA SECUNDARIOS (KOHA)
Fuente del sistema de clasificación o colocación Clasificación decimal universal
Holdings
Estatus retirado Estado de pérdida Estado de daño No para préstamo Colección Biblioteca de origen Biblioteca actual Ubicación en estantería Fecha de adquisición Fuente de adquisición Total de préstamos Signatura topográfica completa Código de barras Visto por última vez Precio de reemplazo Tipo de ítem Koha
        Colección digital Biblioteca del Ateneo de Madrid Biblioteca del Ateneo de Madrid Sala Palomar 17/01/2008     C-787-88 1063874 23/02/2023 23/02/2023 Libro impreso